Riconosci il Pokémon - Quiz n°974 - Statistics

Statistiche generali
  • Questo quiz è stato fatto 3 volte
  • Il punteggio medio è 8 su 10
Statistiche sulle risposte
Indizio Risposta % Corretto
Sesso 50% ♂, 50% ♀
100%
Tipo Elettro / Acciaio
100%
Generazione Settima
100%
Abilità Spineferrate; Parafulmine; Vigore
100%
Altezza 0,3 m; 0,6 m (Dominante)
67%
Tasso di cattura 180 (33.8%)
67%
Peso 3,3 kg; 13,0 kg (Dominante)
67%
Tasso di allevamento Medio-Veloce
67%
Stadio evoluzione Non si evolve
67%
Pokémon Togedemaru
33%
Nessun quiz corrispondente trovato
Distribuzione punteggi
Percentuale di utenti per punteggio
Percentile per numero di risposta
I tuoi punteggi nel tempo
Non hai fatto questo quiz